Colleges of Athletes. - Statistics

General Stats
  • This quiz has been taken 7 times
  • The average score is 8 of 15
Answer Stats
Hint Answer % Correct
Shaq LSU
100%
Rob Gronkowski Arizona
83%
Bo Jackson Auburn
83%
David Robinson (NBA) Navy
83%
Tom Brady Michigan
67%
Brett Favre Southern Miss
67%
Vonn Miller (NFL) Texas A&M
67%
Wes Welker (UDFA to NFL) Texas Tech
50%
Jack Morris (MLB) BYU
33%
Sandy Koufax (MLB) Cincinnati
33%
Kirk Gibson Michigan St
33%
Chris Chelios (NHL) Wisconsin
33%
Mike Piazza Miami
17%
Jim Craig Boston University
0%
Tiny Archibald (NBA) UTEP
0%
No matching quizzes found
Score Distribution
Percent of People with Each Score
Percentile by Number Answered
Your Score History
You have not taken this quiz